LIBRARY & INFORMATION CENTRE, KCAET, TAVANUR

ONLINE PUBLIC ACCESS CATALOGUE (OPAC)

Charles flecturum Meenakshiyum / (Record no. 11514)

MARC details
000 -LEADER
fixed length control field 00436cam a2200157ua 4500
041 ## - LANGUAGE CODE
Language code of text/sound track or separate title mal
082 ## - DEWEY DECIMAL CLASSIFICATION NUMBER
Classification number 894.812301
Item number GOV/CH
100 ## - MAIN ENTRY--AUTHOR NAME
Personal name Govindankutty, N .
245 ## - TITLE STATEMENT
Title Charles flecturum Meenakshiyum /
250 ## - EDITION STATEMENT
Edition statement 1 /
260 ## - PUBLICATION, DISTRIBUTION, ETC. (IMPRINT)
Place of publication Ernamkulam :
Name of publisher Prabhatham printing and publishing co. pvt. ltd. ,
Year of publication 1958.
300 ## - PHYSICAL DESCRIPTION
Number of Pages 118 ; .
942 ## - ADDED ENTRY ELEMENTS (KOHA)
Koha item type Books
Holdings
Withdrawn status Lost status Damaged status Home library Current library Date acquired Full call number Accession Number Koha item type
      KAUAET KAUAET 07/04/2012 894.812301 1482 Books
free website counter